100 Most Common English Words in Alphabetic Order - Statistics

General Stats
  • This quiz has been taken 916 times
  • The average score is 56 of 100
Answer Stats
rank word % Correct
6 A
99%
2 Be
97%
32 An
95%
10 I
95%
1 The
94%
16 He
92%
5 And
84%
29 Her
84%
18 You
84%
56 No
83%
19 Do
82%
49 Go
82%
27 We
81%
14 On
80%
30 She
80%
3 To
80%
7 In
79%
26 They
79%
11 It
75%
50 Me
75%
53 Can
73%
17 As
72%
23 His
72%
68 Them
71%
36 All
70%
13 Not
70%
64 Your
70%
58 Him
69%
34 My
69%
51 When
69%
9 Have
67%
41 So
67%
8 That
67%
12 For
66%
38 There
66%
40 What
66%
20 At
65%
21 This
64%
46 Who
64%
39 Their
63%
4 Of
62%
100 Us
62%
85 How
61%
22 But
59%
35 One
59%
33 Will
59%
69 See
58%
72 Then
57%
47 Get
56%
44 If
56%
86 Our
56%
84 Two
55%
67 Could
54%
54 Like
54%
25 From
53%
24 By
52%
28 Say
52%
31 Or
51%
43 Out
50%
37 Would
48%
82 After
46%
77 Its
46%
45 About
45%
94 Because
45%
97 Give
45%
71 Than
45%
42 Up
45%
98 Day
43%
76 Come
42%
52 Make
42%
66 Some
42%
95 Any
41%
59 Know
41%
60 Take
41%
79 Think
41%
93 Want
41%
78 Over
40%
96 These
40%
62 Into
39%
57 Just
39%
15 With
39%
65 Good
38%
74 Look
38%
73 Now
36%
48 Which
36%
55 Time
35%
80 Also
33%
99 Most
33%
91 Even
32%
83 Use
28%
89 Well
28%
87 Work
28%
81 Back
26%
88 First
26%
75 Only
26%
61 People
26%
90 Way
25%
92 New
24%
70 Other
24%
63 Year
24%
No matching quizzes found
Score Distribution
Percent of People with Each Score
Percentile by Number Answered
Your Score History
You have not taken this quiz